00357pam a2200145a 44500008004100000020000900041041001200050082000800062100001400070245008400084250000600168260002100174300000700195650000900202230515b1987 xxu||||| |||| 00| 0 eng d aNULL aENGLISH a630 a6403-1981 aCODE OF PRACTICE E FOR DETERMINATION OF BEARING CAPACITY OF SHALLOW FOUNDATIONS a0 aDELHIbISIc1987 a12 aNULL